|
|
|
|
| LEADER |
01296nam a2200349 a 4500 |
| 001 |
c000008570 |
| 003 |
CARM |
| 005 |
00000000000000.0 |
| 008 |
830317s1979 enk b 00110 eng d |
| 019 |
1 |
|
|a 22436612
|z 2477768
|z 23841234
|5 LACONCORD2021
|
| 020 |
|
|
|a 0333259858
|
| 020 |
|
|
|a 0333259866 (pbk.)
|
| 035 |
|
|
|a (OCoLC)5626345
|5 LACONCORD2021
|
| 040 |
|
|
|a ACAE
|c ACAE
|
| 043 |
|
|
|a e-uk---
|
| 050 |
|
|
|a HD6073.M392.G7
|
| 100 |
1 |
|
|a McNally, Fiona.
|
| 245 |
1 |
0 |
|a Women for hire :
|b a study of the female office worker /
|c Fiona McNally.
|
| 260 |
|
|
|a London :
|b Macmillan,
|c 1979.
|
| 300 |
|
|
|a x, 214 p. ;
|c 22 cm.
|
| 500 |
|
|
|a Includes index.
|
| 504 |
|
|
|a Bibliography: p.[206]-210.
|
| 650 |
|
0 |
|a Women white collar workers
|z Great Britain.
|
| 650 |
|
0 |
|a Industrial sociology.
|
| 650 |
|
0 |
|a Women
|x Employment
|z Great Britain.
|
| 852 |
8 |
|
|b CARM
|h A2:AF04B0
|i B01838
|p 0079688
|f BK
|
| 852 |
8 |
|
|b CARM
|h A1:AM21B0
|i B09548
|p 0433228
|f BK
|
| 082 |
0 |
|
|a 305.430941
|
| 082 |
0 |
|
|a 331.4816511
|
| 999 |
f |
f |
|i 01b46449-20eb-591b-bb37-b2e680091bcd
|s 03cf7bee-c49c-59fb-9b88-6dfeafcc98e6
|
| 952 |
f |
f |
|p Can circulate
|a CAVAL
|b CAVAL
|c CAVAL
|d CARM 1 Store
|e B01838
|f A2:AF04B0
|h Other scheme
|i book
|m 0079688
|
| 952 |
f |
f |
|p Can circulate
|a CAVAL
|b CAVAL
|c CAVAL
|d CARM 1 Store
|e B09548
|f A1:AM21B0
|h Other scheme
|i book
|m 0433228
|